• 首页
  • 本馆介绍
  • 公告通知
  • 最新文献
  • 馆藏检索
  • 电子资源
  • 读者导购
  • 参考咨询
  • 我的图书馆
  • 登录
  • 详细信息显示
  • 放入我的书架
  • 预约/预借图书
  • 作者相关作品
  • 分类相关作品
  • 丛书相关作品
  • 出版社相关作品

书目信息

  • 表格格式
  • 工作单格式
  • 卡片格式
题名:
马克思恩格斯全集说明汇编
    
 
作者: ;中共中央马克思、恩格斯、列宁、斯大林著作编译局 译
分册:  
出版信息: 北京   生活·读书·新知三联书店  1977.06
页数: 698页
开本: 20cm
丛书名:
单 册:
中图分类: A1
科图分类:
主题词: 马恩著作
电子资源:
ISBN:
000 00714nam0 2200205 45
001 0306250974
005 20050511092045.8
010    @dCNY2.10
091    @a17002.23
100    @a20030625d1977 km y0chiy0120 ea
101 0  @achi
105    @a z 000yy
200 1  @a马克思恩格斯全集说明汇编@AMa Ke Si En Ge Si Quan Ji Shuo Ming Hui Bian@f中共中央马克思、恩格斯、列宁、斯大林著作编译局译@FZhong Gong Zhong Yang Ma Ke Si、En Ge Si、Lie Ning、Si Da Lin Zhu Zuo Bian Yi Ju Yi
210    @a北京@c生活·读书·新知三联书店@d1977.06
215    @a698页@d20cm
606 0  @a马恩著作
690    @aA1
711 02 @a中共中央马克思、恩格斯、列宁、斯大林著作编译局@4译
801    @aCN@bTSTC@c20030625
905    @dA1@e1-1@b963@f1
    
    马克思恩格斯全集说明汇编/中共中央马克思、恩格斯、列宁、斯大林著作编译局译.-北京:生活·读书·新知三联书店,1977.06
    698页;20cm
    
    
    ISBN :CNY2.10
    
●
相关链接 在E读中查询图书 在五车中查询图书 在当当中查询图书 在豆瓣中查询图书


正题名:马克思恩格斯全集说明汇编     索取号:A1/1-1         预约/预借

序号 登录号 条形码 馆藏地/架位号 状态 备注
1 0000963   002044772   第一样本阅览室/ [索取号:A1/1-1] 在馆    
唐山师范学院图书馆 欢迎您!
大连网信软件有限公司© 版权所有